[Event "Karposh Open 2015"]
[Site "Skopje MKD"]
[Date "2015.03.28"]
[Round "3.12"]
[White "Kuzmicz, Krystian"]
[Black "Koksal, Ege"]
[Result "1/2-1/2"]
[WhiteElo "2485"]
[BlackElo "2339"]
[PlyCount "51"]
[EventDate "2015.03.27"]
[EventType "swiss"]
[EventRounds "9"]
[EventCountry "MKD"]
[Source "lmi"]
[SourceDate "2015.03.27"]

1. e4 e5 2. Nf3 Nc6 3. Be2 Nf6 4. d3 d5 5. Nbd2 Be7 6. O-O O-O 7. a3 a5 8. b3
Be6 9. Bb2 Nd7 10. c3 f6 11. Re1 Nb6 12. Qc2 Qd7 13. b4 axb4 14. axb4 Rfe8 15.
Red1 Rxa1 16. Rxa1 Ra8 17. Rxa8+ Nxa8 18. b5 Nd8 19. exd5 Bxd5 20. c4 Bf7 21.
d4 exd4 22. Nxd4 Ne6 23. Nxe6 Qxe6 24. Bd3 h6 25. Kf1 Nb6 26. c5 1/2-1/2

[Event "Karposh Open 2015"]
[Site "Skopje MKD"]
[Date "2015.03.28"]
[Round "3.13"]
[White "Pancevski, Filip"]
[Black "Andonovski, Ljubisa"]
[Result "1-0"]
[WhiteElo "2485"]
[BlackElo "2290"]
[PlyCount "63"]
[EventDate "2015.03.27"]
[EventType "swiss"]
[EventRounds "9"]
[EventCountry "MKD"]
[Source "lmi"]
[SourceDate "2015.03.27"]

1. e4 e5 2. Bc4 Nf6 3. d3 Nc6 4. Nf3 Bc5 5. Nbd2 O-O 6. Bb3 d6 7. c3 a6 8. h3
h6 9. Qe2 Be6 10. Bc2 Ba7 11. g4 Nh7 12. Nf1 Ne7 13. Ng3 Ng6 14. Nf5 Re8 15.
Be3 d5 16. O-O-O c5 17. Kb1 d4 18. cxd4 cxd4 19. Bd2 Rc8 20. Rc1 Rc6 21. h4 Nf4
22. Bxf4 exf4 23. Qd2 Bc5 24. Ba4 b5 25. Bb3 Bxb3 26. axb3 Ree6 27. Qxf4 Bd6
28. e5 Rxc1+ 29. Rxc1 Bb8 30. Qxd4 Qe8 31. Qd5 Bxe5 32. Qb7 1-0

[Event "Karposh Open 2015"]
[Site "Skopje MKD"]
[Date "2015.03.28"]
[Round "3.14"]
[White "Maksimovic, Branimir"]
[Black "Abramovic, Bosko"]
[Result "1/2-1/2"]
[WhiteElo "2339"]
[BlackElo "2462"]
[PlyCount "49"]
[EventDate "2015.03.27"]
[EventType "swiss"]
[EventRounds "9"]
[EventCountry "MKD"]
[Source "lmi"]
[SourceDate "2015.03.27"]

1. d4 Nf6 2. c4 e6 3. Nc3 d5 4. cxd5 exd5 5. Bg5 Be7 6. e3 c6 7. Bd3 Nbd7 8.
Qc2 Nh5 9. Bxe7 Qxe7 10. O-O-O g6 11. Nf3 Nb6 12. h3 Be6 13. Kb1 O-O-O 14. Na4
Ng7 15. Nc5 Bf5 16. Ne5 f6 17. Bxf5+ Nxf5 18. Ned3 Nd6 19. b3 Kb8 20. a4 Nd7
21. Rc1 Nxc5 22. Nxc5 Rc8 23. Ka2 Rhe8 24. h4 Ne4 25. Nxe4 1/2-1/2

[Event "Karposh Open 2015"]
[Site "Skopje MKD"]
[Date "2015.03.28"]
[Round "3.15"]
[White "Arnaudov, G. Petar"]
[Black "Giannoulakis, Labros"]
[Result "1-0"]
[WhiteElo "2461"]
[BlackElo "2217"]
[PlyCount "63"]
[EventDate "2015.03.27"]
[EventType "swiss"]
[EventRounds "9"]
[EventCountry "MKD"]
[Source "lmi"]
[SourceDate "2015.03.27"]

1. Nf3 Nf6 2. c4 g6 3. Nc3 Bg7 4. e4 d6 5. d4 O-O 6. h3 e5 7. d5 Nh5 8. Be3 f5
9. a3 a5 10. c5 f4 11. Bd2 dxc5 12. Bc4 Nf6 13. O-O Ne8 14. d6+ Kh8 15. dxc7
Nxc7 16. b4 axb4 17. axb4 Rxa1 18. Qxa1 Nc6 19. bxc5 Nd4 20. Nxd4 Qxd4 21. Qa2
f3 22. Be3 Qd8 23. g3 Bxh3 24. Rd1 Qc8 25. Qd2 Qg4 26. Qd6 Ne8 27. Qe7 Nf6 28.
Rd8 Nd7 29. Rxf8+ Nxf8 30. Qf7 Ne6 31. Nd5 Qxe4 32. Ne7 1-0

[Event "Karposh Open 2015"]
[Site "Skopje MKD"]
[Date "2015.03.28"]
[Round "3.16"]
[White "Emiroglu, Cankut"]
[Black "Kanmazalp, Ogulcan"]
[Result "1/2-1/2"]
[WhiteElo "2338"]
[BlackElo "2458"]
[PlyCount "44"]
[EventDate "2015.03.27"]
[EventType "swiss"]
[EventRounds "9"]
[EventCountry "MKD"]
[Source "lmi"]
[SourceDate "2015.03.27"]

1. e4 c5 2. Nf3 Nc6 3. d4 cxd4 4. Nxd4 Nf6 5. Nc3 d6 6. Bg5 e6 7. Qd2 a6 8.
O-O-O Bd7 9. f4 b5 10. Nxc6 Bxc6 11. Qd4 Be7 12. Be2 Qc7 13. Bxf6 gxf6 14. f5
h5 15. Bf3 Qa7 16. Qxa7 Rxa7 17. h4 Bf8 18. Kb1 b4 19. Ne2 exf5 20. Ng3 Bxe4
21. Nxe4 fxe4 22. Bxe4 Re7 1/2-1/2

[Event "Karposh Open 2015"]
[Site "Skopje MKD"]
[Date "2015.03.28"]
[Round "3.17"]
[White "Theodorou, Nikolas"]
[Black "Kapnisis, Spyridon"]
[Result "0-1"]
[WhiteElo "2334"]
[BlackElo "2455"]
[PlyCount "98"]
[EventDate "2015.03.27"]
[EventType "swiss"]
[EventRounds "9"]
[EventCountry "MKD"]
[Source "lmi"]
[SourceDate "2015.03.27"]

1. d4 Nf6 2. c4 e6 3. Nf3 d5 4. e3 c5 5. dxc5 Bxc5 6. a3 a6 7. b4 Ba7 8. Bb2
O-O 9. Nbd2 Nc6 10. Bd3 dxc4 11. Nxc4 b5 12. Nd6 Bd7 13. O-O Qe7 14. Ng5 h6 15.
h4 Bb8 16. Nde4 Nxe4 17. Bxe4 f5 18. Bxc6 Bxc6 19. Rc1 Bd5 20. Qh5 Bd6 21. Nh3
e5 22. Rcd1 Bc4 23. Rfe1 Rad8 24. f4 Bf7 25. Qf3 exf4 26. Nxf4 Qxh4 27. Bd4
Rfe8 28. Bb6 Rd7 29. g3 Qg4 30. Qxg4 fxg4 31. e4 Bb3 32. Rd4 Rb8 33. Ba7 Rbb7
34. e5 Bxe5 35. Rxe5 Rxa7 36. Rde4 Rac7 37. Ng6 Rd1+ 38. Kf2 Bf7 39. Rxg4 Rcc1
40. Nf4 Rf1+ 41. Kg2 Rg1+ 42. Kh2 Rh1+ 43. Kg2 Rcg1+ 44. Kf2 Ra1 45. Re3 Rh2+
46. Kf3 g5 47. Ke4 Kf8 48. Rf3 gxf4 49. Rgxf4 Re1+ 0-1

[Event "Karposh Open 2015"]
[Site "Skopje MKD"]
[Date "2015.03.28"]
[Round "3.18"]
[White "Dinev, Dejan"]
[Black "Haznedaroglu, Kivanc"]
[Result "1/2-1/2"]
[WhiteElo "2317"]
[BlackElo "2445"]
[PlyCount "76"]
[EventDate "2015.03.27"]
[EventType "swiss"]
[EventRounds "9"]
[EventCountry "MKD"]
[Source "lmi"]
[SourceDate "2015.03.27"]

1. Nf3 Nf6 2. c4 e6 3. g3 d5 4. Bg2 Be7 5. O-O O-O 6. d4 dxc4 7. Na3 c5 8. Nxc4
Nc6 9. dxc5 Bxc5 10. Nfe5 Nxe5 11. Nxe5 Qe7 12. Qc2 Qc7 13. Qc3 Nd5 14. Bxd5
exd5 15. Nd3 Bb6 16. Qxc7 Bxc7 17. Bf4 Bb6 18. Nb4 Bg4 19. Nxd5 Bxe2 20. Rfe1
Bf3 21. Nxb6 axb6 22. Re3 Bd5 23. a3 b5 24. Rd1 Bc6 25. Bd6 Rfe8 26. Be7 f6 27.
Rde1 Kf7 28. f4 Rac8 29. Kf2 Bd7 30. Bb4 Rc2+ 31. R1e2 Rxe2+ 32. Rxe2 Rxe2+ 33.
Kxe2 Ke6 34. g4 Kd5 35. Kf3 g6 36. Bc3 f5 37. gxf5 Bxf5 38. Kg3 h5 1/2-1/2

[Event "Karposh Open 2015"]
[Site "Skopje MKD"]
[Date "2015.03.28"]
[Round "3.19"]
[White "Drazic, Sinisa"]
[Black "Hrisomalis, Theodoros"]
[Result "1-0"]
[WhiteElo "2439"]
[BlackElo "2138"]
[PlyCount "221"]
[EventDate "2015.03.27"]
[EventType "swiss"]
[EventRounds "9"]
[EventCountry "MKD"]
[Source "lmi"]
[SourceDate "2015.03.27"]

1. d4 e6 2. Bf4 f5 3. e3 Nf6 4. Nf3 d5 5. h3 Bd6 6. Nbd2 O-O 7. Bd3 Qe7 8. g4
Bxf4 9. exf4 Ne4 10. c3 c5 11. Qe2 Nc6 12. Qe3 cxd4 13. Nxd4 Nxd4 14. Qxd4 Qc5
15. gxf5 exf5 16. Nf3 Bd7 17. Ne5 Be6 18. Qxc5 Nxc5 19. Bc2 Rad8 20. Nf3 Bc8
21. Nd4 Ne6 22. Nxe6 Bxe6 23. O-O-O Kf7 24. Rd4 Rd7 25. Kd2 Kf6 26. h4 Bf7 27.
Re1 Rfd8 28. Re5 g6 29. Bb3 Rd6 30. Ke3 h6 31. Kf3 g5 32. hxg5+ hxg5 33. Bc2
Be6 34. Re1 gxf4 35. Kxf4 Rg8 36. Rh1 Rg4+ 37. Ke3 Rd7 38. Rh6+ Rg6 39. Rxg6+
Kxg6 40. Bb3 Kg5 41. Rd1 f4+ 42. Kd4 Kf5 43. Rg1 Kf6 44. Rh1 Rg7 45. Rh6+ Ke7
46. Ke5 Rg5+ 47. Kxf4 Rg4+ 48. Kf3 Rg7 49. Ke3 Bf7 50. Rh8 Kd7 51. Ra8 a6 52.
Rb8 Kc6 53. Rf8 Be6 54. Rf6 Kd7 55. Kd4 Rg1 56. Kc5 Rb1 57. Rh6 b6+ 58. Kxb6
Rxb2 59. Rf6 Ke7 60. Rf3 Bc8 61. Kc7 Be6 62. Re3 Kf6 63. Kd6 Bf7 64. Rf3+ Kg7
65. Kc5 a5 66. Kb5 Bh5 67. Rg3+ Kf6 68. f3 Kf5 69. Rh3 Bf7 70. Kxa5 Ke5 71. Rh7
Be6 72. Rh5+ Kd6 73. Rh6 Ke7 74. Rh4 Rf2 75. Rf4 Kd6 76. Kb4 Ke5 77. Rf8 Bf5
78. Bxd5 Kxd5 79. Rxf5+ Ke6 80. Rf8 Rxa2 81. c4 Kd6 82. Rf6+ Ke7 83. Rf4 Kd6
84. Rd4+ Kc6 85. Rd5 Rb2+ 86. Kc3 Rf2 87. Rf5 Kd6 88. Kd4 Rd2+ 89. Ke3 Rc2 90.
Kd3 Rc1 91. Rd5+ Ke6 92. f4 Rd1+ 93. Ke4 Re1+ 94. Kd4 Ra1 95. Kc5 Ra5+ 96. Kc6
Ra6+ 97. Kb7 Ra2 98. f5+ Ke7 99. c5 Rb2+ 100. Kc7 Rb5 101. Kc6 Rb2 102. Rd6 Rc2
103. f6+ Ke8 104. Kb6 Kf7 105. c6 Rb2+ 106. Ka7 Ra2+ 107. Kb7 Rb2+ 108. Ka8
Ra2+ 109. Kb8 Rb2+ 110. Kc8 Rb4 111. Kd7 1-0

[Event "Karposh Open 2015"]
[Site "Skopje MKD"]
[Date "2015.03.28"]
[Round "3.20"]
[White "Baglan, Esat"]
[Black "Georgiev, Kiril"]
[Result "0-1"]
[WhiteElo "2134"]
[BlackElo "2623"]
[PlyCount "60"]
[EventDate "2015.03.27"]
[EventType "swiss"]
[EventRounds "9"]
[EventCountry "MKD"]
[Source "lmi"]
[SourceDate "2015.03.27"]

1. e4 c5 2. Nf3 d6 3. d4 Nf6 4. Nc3 cxd4 5. Nxd4 a6 6. Bg5 e6 7. Qe2 Be7 8. f4
h6 9. Bxf6 Bxf6 10. O-O-O Qc7 11. g3 Nc6 12. Nxc6 bxc6 13. Qd3 d5 14. Bg2 Rb8
15. e5 Be7 16. g4 a5 17. Kb1 Rb4 18. Qg3 Qb8 19. b3 a4 20. Kb2 axb3 21. axb3 g6
22. Rhf1 h5 23. h3 Ba6 24. f5 h4 25. Qe3 Bxf1 26. Bxf1 gxf5 27. gxf5 Rg8 28.
fxe6 fxe6 29. Be2 Rg5 30. Ra1 d4 0-1

[Event "Karposh Open 2015"]
[Site "Skopje MKD"]
[Date "2015.03.28"]
[Round "3.21"]
[White "Percivaldi, Martin"]
[Black "Fier, Alexandr"]
[Result "0-1"]
[WhiteElo "2344"]
[BlackElo "2601"]
[PlyCount "54"]
[EventDate "2015.03.27"]
[EventType "swiss"]
[EventRounds "9"]
[EventCountry "MKD"]
[Source "lmi"]
[SourceDate "2015.03.27"]

1. d4 Nf6 2. Nf3 e6 3. Bg5 h6 4. Bh4 d6 5. e3 g5 6. Bg3 Nh5 7. c4 Bg7 8. Nc3
Nd7 9. Be2 Qe7 10. Nd2 Nxg3 11. hxg3 c5 12. Nb3 O-O 13. Qc2 cxd4 14. Nxd4 Nb6
15. a4 a5 16. Ndb5 Bd7 17. Rd1 Bc6 18. O-O Rad8 19. Nd4 f5 20. Nxc6 bxc6 21.
Qb3 Nd7 22. Bf3 Ne5 23. c5 d5 24. Qb6 Rb8 25. Qxa5 Rxb2 26. Be2 Nd7 27. Rb1 Rc2
0-1

[Event "Karposh Open 2015"]
[Site "Skopje MKD"]
[Date "2015.03.28"]
[Round "3.22"]
[White "Akhmetov, Ayan"]
[Black "Palac, Mladen"]
[Result "1-0"]
[WhiteElo "2335"]
[BlackElo "2581"]
[PlyCount "71"]
[EventDate "2015.03.27"]
[EventType "swiss"]
[EventRounds "9"]
[EventCountry "MKD"]
[Source "lmi"]
[SourceDate "2015.03.27"]

1. e4 c5 2. Nf3 Nc6 3. d4 cxd4 4. Nxd4 Nf6 5. Nc3 d6 6. f3 e6 7. Be3 Be7 8. Qd2
O-O 9. O-O-O a6 10. g4 Nxd4 11. Qxd4 Nd7 12. h4 b5 13. g5 Rb8 14. Kb1 b4 15.
Ne2 a5 16. h5 Ba6 17. f4 e5 18. Qd2 exf4 19. Bxf4 Nc5 20. Ng3 Bb7 21. Bc4 Ne6
22. g6 Nxf4 23. Bxf7+ Kh8 24. Qxf4 h6 25. Nf5 Bg5 26. Qg4 a4 27. Rxd6 Qc7 28.
Rhd1 a3 29. Rd7 Qc6 30. R7d4 Bf6 31. Bb3 Qc5 32. Rd6 Bxb2 33. Nxh6 Bd4 34. Qe6
gxh6 35. Rd7 Bg7 36. Rxg7 1-0

[Event "Karposh Open 2015"]
[Site "Skopje MKD"]
[Date "2015.03.28"]
[Round "3.23"]
[White "Damljanovic, Branko"]
[Black "Bubalovic, Davorin"]
[Result "0-1"]
[WhiteElo "2562"]
[BlackElo "2268"]
[PlyCount "160"]
[EventDate "2015.03.27"]
[EventType "swiss"]
[EventRounds "9"]
[EventCountry "MKD"]
[Source "lmi"]
[SourceDate "2015.03.27"]

1. d4 Nf6 2. c4 g6 3. Nc3 Bg7 4. e4 d6 5. Nf3 O-O 6. Be2 e5 7. O-O Nc6 8. d5
Ne7 9. a4 a5 10. Ne1 Nd7 11. Be3 f5 12. f3 b6 13. Nd3 Ba6 14. Nf2 Kh8 15. Ra3
Ng8 16. Qc1 Nc5 17. Nb5 Rf7 18. exf5 gxf5 19. Nh3 f4 20. Bxc5 bxc5 21. Bd3 Bc8
22. Nf2 Nh6 23. Rb3 Nf5 24. Bxf5 Rxf5 25. Ne4 Bf8 26. g4 fxg3 27. hxg3 Be7 28.
Kg2 Rf7 29. Rh1 Bf5 30. Nbc3 Qd7 31. Qe1 Bg6 32. Nb5 Raf8 33. Rd3 Bd8 34. Nbc3
Kg7 35. b3 h5 36. Re3 Qc8 37. Qe2 Rh8 38. Nd1 Be7 39. Ndf2 Qd8 40. Qe1 Qa8 41.
Qc3 Kg8 42. Nh3 Rf5 43. Nhf2 Rh7 44. Rhe1 Rg7 45. Rg1 Be8 46. Kf1 Rf8 47. Ke2
Qa6 48. Kd1 Qa8 49. Rh1 Qa6 50. g4 h4 51. Rh3 Bg6 52. Nd3 Rgf7 53. Ke2 Rb8 54.
Ndf2 Rbf8 55. Qe1 Kg7 56. Qh1 Qc8 57. g5 Qd8 58. Rxh4 Bxg5 59. Nxg5 Qxg5 60.
Rg4 Qh6 61. Qg2 Rf4 62. Rg3 Rh4 63. Rg5 Rff4 64. Qg3 Rh5 65. Rxh5 Qxh5 66. Re4
Qf5 67. Ke3 Qf6 68. Rxf4 exf4+ 69. Qxf4 Qxf4+ 70. Kxf4 Bc2 71. Ke3 Bxb3 72. Kd3
Bxa4 73. Ne4 Bd7 74. Ng5 Kf6 75. f4 Kf5 76. Kc3 Kxf4 77. Ne6+ Ke5 78. Nxc7 a4
79. Nb5 Bxb5 80. cxb5 Kxd5 0-1

[Event "Karposh Open 2015"]
[Site "Skopje MKD"]
[Date "2015.03.28"]
[Round "3.24"]
[White "Zelcic, Robert"]
[Black "Veleski, Robert"]
[Result "1-0"]
[WhiteElo "2553"]
[BlackElo "2279"]
[PlyCount "87"]
[EventDate "2015.03.27"]
[EventType "swiss"]
[EventRounds "9"]
[EventCountry "MKD"]
[Source "lmi"]
[SourceDate "2015.03.27"]

1. e4 e5 2. Nf3 Nc6 3. Bc4 Nf6 4. d4 exd4 5. e5 d5 6. Bb5 Ne4 7. Nxd4 Bd7 8.
Bxc6 bxc6 9. O-O Be7 10. f3 Nc5 11. f4 Ne4 12. Nc3 c5 13. Nde2 Nxc3 14. bxc3
Bb5 15. f5 Qd7 16. Ba3 O-O-O 17. Rb1 Bc4 18. Rf2 Qa4 19. Qc1 Kd7 20. e6+ Ke8
21. Nf4 d4 22. cxd4 cxd4 23. Bxe7 Kxe7 24. Nd3 f6 25. Nc5 Qc6 26. Nd7 Rxd7 27.
exd7 Kxd7 28. Qa3 Re8 29. Qxa7 Qb6 30. Qxb6 cxb6 31. Rd2 Kc6 32. Rxd4 b5 33.
Rg4 Re2 34. a4 Rxc2 35. axb5+ Bxb5 36. Rxg7 Rc5 37. Rxh7 Rxf5 38. Rh3 Rd5 39.
Rhb3 Bd3 40. Rd1 Bc4 41. Rxd5 Kxd5 42. Re3 f5 43. h4 Kd4 44. Re7 1-0

[Event "Karposh Open 2015"]
[Site "Skopje MKD"]
[Date "2015.03.28"]
[Round "3.25"]
[White "Soysal, Serkan"]
[Black "Blagojevic, Dragisa"]
[Result "0-1"]
[WhiteElo "2302"]
[BlackElo "2522"]
[PlyCount "112"]
[EventDate "2015.03.27"]
[EventType "swiss"]
[EventRounds "9"]
[EventCountry "MKD"]
[Source "lmi"]
[SourceDate "2015.03.27"]

1. d4 d5 2. Bf4 c5 3. e3 Nc6 4. c3 Nf6 5. Nd2 Bf5 6. Ngf3 e6 7. Qb3 Qc8 8. dxc5
Bxc5 9. h3 h6 10. Ne5 O-O 11. Bd3 Bxd3 12. Nxd3 Bb6 13. O-O Bc7 14. Nf3 Re8 15.
Nfe5 Nxe5 16. Nxe5 Qb8 17. Nd3 Ne4 18. Rad1 Rc8 19. Qb4 Bd6 20. Bxd6 Nxd6 21.
Ne5 Ne4 22. Nf3 a5 23. Qd4 b5 24. Nd2 Nxd2 25. Qxd2 Rc4 26. Qe2 b4 27. cxb4
axb4 28. b3 Rc3 29. Rd4 Qc7 30. Rxb4 Rc2 31. Qb5 Raxa2 32. Qb8+ Qxb8 33. Rxb8+
Kh7 34. h4 h5 35. Rb5 Rab2 36. g3 Kg6 37. Kg2 Rc3 38. Kf3 Rbxb3 39. Rxb3 Rxb3
40. Rd1 Kf5 41. Rd4 f6 42. Rf4+ Ke5 43. Ra4 Rc3 44. Rb4 Rc7 45. Ra4 Rd7 46. Rb4
Kf5 47. Rf4+ Kg6 48. Ra4 e5 49. Rb4 Kf5 50. Rb5 g5 51. Ra5 e4+ 52. Kg2 gxh4 53.
gxh4 Kg4 54. Ra6 f5 55. Rf6 d4 56. exd4 Rxd4 0-1

[Event "Karposh Open 2015"]
[Site "Skopje MKD"]
[Date "2015.03.28"]
[Round "3.26"]
[White "Kovacevic, Aleksandar"]
[Black "Tuncer, Tuna"]
[Result "1/2-1/2"]
[WhiteElo "2517"]
[BlackElo "2234"]
[PlyCount "134"]
[EventDate "2015.03.27"]
[EventType "swiss"]
[EventRounds "9"]
[EventCountry "MKD"]
[Source "lmi"]
[SourceDate "2015.03.27"]

1. e4 c5 2. Nf3 Nc6 3. Bb5 g6 4. O-O Bg7 5. Nc3 Nf6 6. e5 Ng4 7. Bxc6 dxc6 8.
Re1 Nh6 9. Ne4 b6 10. Nf6+ Kf8 11. Ne4 Bg4 12. d3 Nf5 13. Bf4 Nd4 14. Ned2 h6
15. h3 Bxf3 16. Nxf3 Ne6 17. Bd2 Kg8 18. Re4 Qd5 19. Qe2 Rd8 20. a4 a5 21. Bc3
Kh7 22. Nd2 Ra8 23. Nc4 Rhb8 24. b3 b5 25. Nd2 Rb7 26. Nf3 Qd7 27. Qe1 Rba7 28.
Rd1 Qd8 29. Bd2 Rd7 30. Ra1 Rda7 31. Rh4 Qd5 32. Re4 Qd8 33. Bc3 Qd7 34. Ra2
Qd5 35. Kh1 Qd7 36. Qe3 Qd5 37. Ra1 Qd7 38. Re1 Rb7 39. Kg1 Qd5 40. Bb2 Qd7 41.
Ra1 Qd8 42. Kh1 Rd7 43. h4 Rb8 44. Ng1 Rd5 45. f4 h5 46. Qf3 Bh6 47. f5 Ng7 48.
fxg6+ fxg6 49. axb5 cxb5 50. g4 hxg4 51. Rxg4 Qd7 52. Rxa5 Rf8 53. Qe4 Rf5 54.
Ra6 e6 55. Rd6 Qf7 56. c4 bxc4 57. bxc4 Rxd6 58. exd6 Qd7 59. Qg2 Nh5 60. Nh3
Qxd6 61. Rxg6 Qxd3 62. Rxe6 Ng3+ 63. Kh2 Nf1+ 64. Kh1 Ng3+ 65. Kh2 Nf1+ 66. Kh1
Ng3+ 67. Kh2 Nf1+ 1/2-1/2

[Event "Karposh Open 2015"]
[Site "Skopje MKD"]
[Date "2015.03.28"]
[Round "3.27"]
[White "Ilic, Zoran S"]
[Black "Miron, Lucian-costin"]
[Result "0-1"]
[WhiteElo "2295"]
[BlackElo "2485"]
[PlyCount "66"]
[EventDate "2015.03.27"]
[EventType "swiss"]
[EventRounds "9"]
[EventCountry "MKD"]
[Source "lmi"]
[SourceDate "2015.03.27"]

1. Nf3 Nf6 2. d4 e6 3. c4 Bb4+ 4. Bd2 c5 5. Bxb4 cxb4 6. g3 O-O 7. Bg2 d6 8.
O-O Re8 9. a3 Nc6 10. axb4 Nxb4 11. Nc3 Qb6 12. Qd2 a5 13. Rfc1 Bd7 14. Qf4
Rac8 15. b3 h6 16. Na4 Qa6 17. Bf1 Bxa4 18. Rxa4 Qb6 19. h4 Qc7 20. Raa1 e5 21.
Qe3 b6 22. Bh3 Rcd8 23. Kf1 exd4 24. Qxd4 Ne4 25. Rab1 Nc5 26. Bf5 d5 27. Rb2
Qe7 28. Kg2 dxc4 29. Qf4 Qf6 30. Rd2 Rxd2 31. Nxd2 cxb3 32. Nc4 g6 33. Nd6 Rd8
0-1

[Event "Karposh Open 2015"]
[Site "Skopje MKD"]
[Date "2015.03.28"]
[Round "3.28"]
[White "Janev, Pavel"]
[Black "Kosic, Dragan"]
[Result "0-1"]
[WhiteElo "2262"]
[BlackElo "2478"]
[PlyCount "80"]
[EventDate "2015.03.27"]
[EventType "swiss"]
[EventRounds "9"]
[EventCountry "MKD"]
[Source "lmi"]
[SourceDate "2015.03.27"]

1. e4 e6 2. d4 d5 3. exd5 exd5 4. Nf3 Bd6 5. c4 Nf6 6. c5 Be7 7. Bb5+ c6 8. Bd3
b6 9. cxb6 axb6 10. O-O O-O 11. Nc3 c5 12. h3 Nc6 13. Bg5 h6 14. Bh4 Be6 15.
Bg3 Bd6 16. Bxd6 Qxd6 17. Re1 Ra5 18. Qd2 c4 19. Bc2 b5 20. Ne5 b4 21. Na4 Rfa8
22. b3 c3 23. Qd3 Ne7 24. g4 Bd7 25. Qe3 Bxa4 26. bxa4 Nc6 27. Qd3 Ne4 28. Nxc6
Qxc6 29. f3 Nf6 30. Re5 Rxa4 31. Bxa4 Rxa4 32. Ree1 Ra3 33. Qc2 Qc4 34. Red1 g6
35. Kf2 Nd7 36. Qe2 c2 37. Re1 Qxd4+ 38. Kg2 b3 39. Qe8+ Nf8 40. Re7 Qf6 0-1

[Event "Karposh Open 2015"]
[Site "Skopje MKD"]
[Date "2015.03.28"]
[Round "3.29"]
[White "Nedev, Trajko"]
[Black "Tsakiris, Haralambos"]
[Result "1-0"]
[WhiteElo "2470"]
[BlackElo "2265"]
[PlyCount "45"]
[EventDate "2015.03.27"]
[EventType "swiss"]
[EventRounds "9"]
[EventCountry "MKD"]
[Source "lmi"]
[SourceDate "2015.03.27"]

1. e4 c5 2. Nf3 e6 3. d4 cxd4 4. Nxd4 Nc6 5. Nc3 Qc7 6. Be3 a6 7. Qd2 Nf6 8. f3
Bb4 9. a3 Be7 10. g4 b5 11. O-O-O O-O 12. h4 b4 13. axb4 Bxb4 14. h5 Nxd4 15.
Qxd4 Bxc3 16. Qxc3 Qxc3 17. bxc3 Kh8 18. h6 Ng8 19. hxg7+ Kxg7 20. g5 Ne7 21.
Bd4+ Kg8 22. Bf6 Ng6 23. Rd2 1-0

[Event "Karposh Open 2015"]
[Site "Skopje MKD"]
[Date "2015.03.28"]
[Round "3.30"]
[White "Marjanovics, Annamaria"]
[Black "Yanev, Tihomir"]
[Result "1-0"]
[WhiteElo "2230"]
[BlackElo "2419"]
[PlyCount "77"]
[EventDate "2015.03.27"]
[EventType "swiss"]
[EventRounds "9"]
[EventCountry "MKD"]
[Source "lmi"]
[SourceDate "2015.03.27"]

1. e4 e5 2. Nf3 Nc6 3. Bb5 a6 4. Ba4 Nf6 5. O-O Be7 6. Re1 b5 7. Bb3 O-O 8. a4
b4 9. d3 d6 10. a5 Na7 11. Bg5 c5 12. Bxf6 Bxf6 13. Bd5 Rb8 14. Nbd2 Nb5 15.
Nc4 Nc7 16. Bc6 g6 17. Nfd2 Bg7 18. Nb6 Be6 19. Ndc4 f5 20. c3 bxc3 21. bxc3 f4
22. f3 g5 23. Qa4 g4 24. Bd7 gxf3 25. gxf3 Rf7 26. Bxe6 Nxe6 27. Kh1 Ng5 28.
Rf1 Bf8 29. Ra2 Rg7 30. Rg2 Rbb7 31. Qc6 Kh8 32. Qc8 Qxc8 33. Nxc8 Rb3 34.
N8xd6 Bxd6 35. Nxd6 Rd7 36. Nc4 Nf7 37. Rfg1 Rd8 38. Rg7 Rf8 39. Nb6 1-0

[Event "Karposh Open 2015"]
[Site "Skopje MKD"]
[Date "2015.03.28"]
[Round "3.31"]
[White "Tosic, Miroslav"]
[Black "Eric, Jovana"]
[Result "1-0"]
[WhiteElo "2413"]
[BlackElo "2166"]
[PlyCount "71"]
[EventDate "2015.03.27"]
[EventType "swiss"]
[EventRounds "9"]
[EventCountry "MKD"]
[Source "lmi"]
[SourceDate "2015.03.27"]

1. d4 Nf6 2. c4 g6 3. Nc3 d5 4. cxd5 Nxd5 5. Bd2 Bg7 6. e4 Nxc3 7. Bxc3 O-O 8.
Nf3 c5 9. d5 Bg4 10. Bxg7 Kxg7 11. Qd2 Bxf3 12. gxf3 Nd7 13. h4 Qb6 14. h5 Qb4
15. Bh3 Qxd2+ 16. Kxd2 Ne5 17. Rac1 Nxf3+ 18. Ke3 Ng5 19. Rxc5 Nxh3 20. Rxh3
Rac8 21. Rxc8 Rxc8 22. Kd4 f6 23. Rc3 Rxc3 24. bxc3 Kf7 25. c4 Ke8 26. e5 Kd7
27. c5 Kc7 28. a4 Kd7 29. a5 a6 30. e6+ Kc7 31. Ke4 Kc8 32. d6 Kd8 33. Kd5 g5
34. Ke4 Ke8 35. Kf5 Kd8 36. f3 1-0

[Event "Karposh Open 2015"]
[Site "Skopje MKD"]
[Date "2015.03.28"]
[Round "3.32"]
[White "Bolat, Ahmet"]
[Black "Ivanov, Mikhail M"]
[Result "1/2-1/2"]
[WhiteElo "2170"]
[BlackElo "2412"]
[PlyCount "55"]
[EventDate "2015.03.27"]
[EventType "swiss"]
[EventRounds "9"]
[EventCountry "MKD"]
[Source "lmi"]
[SourceDate "2015.03.27"]

1. e4 e5 2. Nc3 Nc6 3. g3 Bc5 4. Bg2 d6 5. Nge2 a6 6. d3 h5 7. h3 h4 8. g4 Nge7
9. f4 exf4 10. d4 Ba7 11. Bxf4 Ng6 12. Be3 Nce7 13. Qd2 c6 14. O-O-O b5 15. Nf4
Nxf4 16. Bxf4 Ng6 17. e5 d5 18. Bg5 Qa5 19. Kb1 Be6 20. Rhf1 Bb6 21. Qd3 O-O
22. Rf5 b4 23. Ne2 Qb5 24. Qf3 Bc7 25. Bc1 a5 26. Bf1 Qb7 27. Nf4 Nxf4 28. Qxf4
1/2-1/2

[Event "Karposh Open 2015"]
[Site "Skopje MKD"]
[Date "2015.03.28"]
[Round "3.33"]
[White "Dogan, Nazmi Can"]
[Black "Jacimovic, Dragoljub"]
[Result "1/2-1/2"]
[WhiteElo "2135"]
[BlackElo "2411"]
[PlyCount "40"]
[EventDate "2015.03.27"]
[EventType "swiss"]
[EventRounds "9"]
[EventCountry "MKD"]
[Source "lmi"]
[SourceDate "2015.03.27"]

1. e4 e6 2. d4 d5 3. Nd2 Be7 4. Ngf3 Nf6 5. Bd3 c5 6. c3 Nc6 7. O-O dxe4 8.
Nxe4 cxd4 9. cxd4 O-O 10. Nc3 b6 11. Re1 Bb7 12. a3 Rc8 13. Bc2 Ba6 14. Bb1 h6
15. Bf4 Re8 16. Ba2 Bf8 17. d5 exd5 18. Rxe8 Qxe8 19. Nxd5 Nxd5 20. Qxd5 Rd8
1/2-1/2

[Event "Karposh Open 2015"]
[Site "Skopje MKD"]
[Date "2015.03.28"]
[Round "3.34"]
[White "Saduakassova, Dinara"]
[Black "Tsaknakis, Zisis"]
[Result "1-0"]
[WhiteElo "2398"]
[BlackElo "2149"]
[PlyCount "61"]
[EventDate "2015.03.27"]
[EventType "swiss"]
[EventRounds "9"]
[EventCountry "MKD"]
[Source "lmi"]
[SourceDate "2015.03.27"]

1. e4 c5 2. Nf3 d6 3. d4 cxd4 4. Nxd4 Nf6 5. Nc3 a6 6. Be3 e5 7. Nb3 Be6 8. h3
Nbd7 9. g4 Rc8 10. Qd2 Be7 11. O-O-O O-O 12. g5 Nh5 13. Nd5 Bxd5 14. exd5 b5
15. Kb1 a5 16. Be2 Nf4 17. Bxf4 exf4 18. h4 f6 19. Nd4 Nc5 20. Bg4 Rc7 21. Nc6
Qe8 22. Rde1 Rxc6 23. dxc6 Qxc6 24. Qxf4 fxg5 25. Qe3 Bf6 26. hxg5 Be5 27. Qh3
Rxf2 28. Qxh7+ Kf8 29. Qh8+ Kf7 30. g6+ Ke7 31. Qxg7+ 1-0

[Event "Karposh Open 2015"]
[Site "Skopje MKD"]
[Date "2015.03.28"]
[Round "3.35"]
[White "Gokerkan, Cem Kaan"]
[Black "Dancevski, Orce"]
[Result "1-0"]
[WhiteElo "2092"]
[BlackElo "2370"]
[PlyCount "51"]
[EventDate "2015.03.27"]
[EventType "swiss"]
[EventRounds "9"]
[EventCountry "MKD"]
[Source "lmi"]
[SourceDate "2015.03.27"]

1. e4 c5 2. c3 g6 3. d4 cxd4 4. cxd4 d5 5. exd5 Nf6 6. Bb5+ Nbd7 7. Nc3 Bg7 8.
d6 O-O 9. dxe7 Qxe7+ 10. Nge2 Nb6 11. O-O Nfd5 12. Nxd5 Nxd5 13. Bc4 Rd8 14.
Re1 Bg4 15. h3 Be6 16. Qd3 Rac8 17. Bd2 Qh4 18. Rac1 Rc7 19. Qa3 Rcd7 20. Qf3
Rd6 21. Bb3 g5 22. Ng3 g4 23. hxg4 Bxg4 24. Re4 Nf6 25. Rc7 Rf8 26. Qf4 1-0